The Corporate Paradox / (Record no. 615579)

MARC details
000 -LEADER
fixed length control field 01930nam a2200157Ia 4500
008 - FIXED-LENGTH DATA ELEMENTS--GENERAL INFORMATION
fixed length control field 260225s9999 xx 000 0 und d
020 ## - INTERNATIONAL STANDARD BOOK NUMBER
ISBN 9780792386957
082 ## - DEWEY DECIMAL CLASSIFICATION NUMBER
Classification number 338.74
Item number COR
100 ## - MAIN ENTRY--AUTHOR NAME
Personal name Cortenraad, Wouter H.F.M.
245 #0 - TITLE STATEMENT
Title The Corporate Paradox /
Statement of responsibility, etc Cortenraad, Wouter H.F.M.
260 ## - PUBLICATION, DISTRIBUTION, ETC. (IMPRINT)
Name of publisher Springer,
Year of publication 1999
520 ## - SUMMARY, ETC.
Summary, etc The `corporation' is by far the most successful legal concept of organization among large business firms. Yet there are numerous examples of firms operated in corporate form that were troubled either by internal problems arising from divergences of interests between the firm's various constituents (notably, managers and investors), or by conflicts with other members of society (including both victims of accidents or environmental pollution caused by the firm and unpaid creditors in the event of business failure). It is this paradox between the corporation's prima facie success and its apparent ambiguity in other respects that is examined in this book. Using modern economic theory concerning the functioning of markets and organizations, The Corporate Paradox examines how the concept of the corporation relates to the economic entity it organizes and in effect, how it may affect the use that firms make of society's valuable but scarce resources. To this end, both the economic rationales underlying the corporate form of organization and its effects on organizational and individual behavior are reviewed, with special emphasis on the separation between `ownership' and `control' and the principle of limited liability of shareholders, two features which are typical of the corporate concept. Finally, this book surveys, from a predominantly economic perspective, legal remedies that United States and Dutch law have developed in response to certain inefficiencies to which these features may give rise.
650 ## - SUBJECT ADDED ENTRY--TOPICAL TERM
Topical Term Business & Economics
942 ## - ADDED ENTRY ELEMENTS (KOHA)
Koha item type English Books
Holdings
Withdrawn status Lost status Damaged status Not for loan Home library Current library Shelving location Date acquired Full call number Accession Number Price effective from Koha item type
        Anna Centenary Library Anna Centenary Library 4TH FLOOR, A WING 25.02.2026 338.74 COR 304167 25.02.2026 English Books

Find us on the map